Pokemon that contain the letter Q - Statistics

General Stats
  • This quiz has been taken 189 times
    187 since last reset
  • The average score is 15 of 18
Answer Stats
Generation Type Pokemon % Correct
II Fire Quilava
97%
II Water/Poison Qwilfish
95%
VIII Dark/Poison Overqwil
91%
II Fire Cyndaquil
89%
II Water/Ground Quagsire
89%
IX Water Quaxly
89%
VI Grass Quilladin
89%
I Poison/Ground Nidoqueen
88%
IX Water/Fighting Quaquaval
85%
IX Water Quaxwell
85%
VII Water/Bug Araquanid
84%
III Dragon/Flying Rayquaza
84%
V Normal/Flying Tranquill
82%
IV Bug/Flying Vespiquen
82%
VIII Flying Corvisquire
79%
III Bug/Flying Masquerain
79%
I Water Squirtle
79%
IX Normal/Flying Squawkabilly
72%
No matching quizzes found
Score Distribution
Percent of People with Each Score
Percentile by Number Answered
Your Score History
You have not taken this quiz since the last reset